SpongeBob 'F.U.N.' Song Quiz Stats

Quiz Updated Apr 15, 2013

Challenge
Share
Tweet
Embed
Score 0/49 Timer 03:00
1 Play Today
Verse Lyric % Correct
SpongeBob's verseand
96.5%
SpongeBob's versethe
96.5%
Plankton's versethe
96.5%
Last versethe
96.5%
Last verseand
96.5%
SpongeBob's verseand
96.4%
SpongeBob's versefriends
96.3%
SpongeBob's verseyou
94.8%
SpongeBob's verseme.
93.9%
SpongeBob's versedo
93.7%
SpongeBob's versewho
93.3%
SpongeBob's versetogether,
92.7%
SpongeBob'sversestuff
92.3%
SpongeBob's versein
87.8%
SpongeBob's versesea.
87.4%
SpongeBob's verseblue
87%
SpongeBob's versedown
86.6%
Plankton's versedown
86.6%
SpongeBob's versedeep
86.6%
SpongeBob's versehere
84.8%
Last versehere
84.8%
SpongeBob's verseall,
84.8%
Last verseall
84.8%
SpongeBob's verseat
83.4%
Plankton's versefire
82.3%
Verse Lyric % Correct
SpongeBob's verseanytime
81.1%
Plankton's verseno
80.2%
SpongeBob's verseanywhere
80.2%
Plankton's verseUranium...
80.2%
Plankton's versethat
76.6%
Plankton's verseburns
73.9%
Plankton's verseBOMBS.
72.7%
Plankton's versetown!
72.6%
Plankton's versewhole
72.2%
Plankton's versesurvivors!
69.8%
Last verseflowers,
51.5%
Last versethrough
47.8%
Last versefrolic
47.1%
Last versenose
42.5%
Last versepicking,
40.4%
Last versewith
38.4%
Last verseukulele.
38%
Last versebest
37.8%
Last versemy
37.7%
Last versebuddy!
37.2%
Last verselicking
31.8%
Last versesharing
30.8%
Last versesand
30.5%
Last versegum,
26.2%

You're not logged in!

Compare scores with friends on all Sporcle quizzes.
Sign Up with Email
OR
Log In

You Might Also Like...

Show Comments

Extras

Top Quizzes Today


Score Distribution

Your Account Isn't Verified!

In order to create a playlist on Sporcle, you need to verify the email address you used during registration. Go to your Sporcle Settings to finish the process.